Manažérske spôsobilosti v interkultúrnom podniku bakalárska práca

Na minha lista:
Detalhes bibliográficos
Autor principal: Wachter, Ivan
Autor Corporativo: Podnikovohospodárska fakulta EU so sídlom v Košiciach. Katedra manažmentu
Outros Autores: Fabinyová, Radka, 1986-
Formato: Livro
Idioma:eslovaco
Publicado em: Košice 2014
Tags: Adicionar Tag
Sem tags, seja o primeiro a adicionar uma tag!

MARC

LEADER 00000nbm a2200000 4500
001 0189120
005 20170201084933.4
041 0 |a slo 
044 |a SK 
245 1 0 |a Manažérske spôsobilosti v interkultúrnom podniku  |b bakalárska práca  |c Ivan Wachter ; školiteľ: Radka Fabinyová 
264 1 |a Košice  |c 2014 
300 |a 50 s. 
100 1 |a Wachter, Ivan 
700 1 |a Fabinyová, Radka, 1986- 
710 2 |a Podnikovohospodárska fakulta EU so sídlom v Košiciach. Katedra manažmentu